| 000 | 00823nam a22002535a 4500 | ||
|---|---|---|---|
| 005 | 20240818092959.0 | ||
| 008 | 150629s2013 ii a frb 001 0 eng d | ||
| 020 | _a9789382220527 | ||
| 040 |
_aEG-ScBUE _beng _cEG-ScBUE _dEG-ScBUE |
||
| 082 | 0 | 4 |
_a539.6 _bJOH _222 |
| 100 | 1 |
_aJohann, Jacob. _939176 |
|
| 245 | 1 | 0 |
_aRecent advances in molecular spectroscopy / _cJacob Johann. |
| 260 |
_aNew Delhi : _bRandom Exports, _c2013. |
||
| 300 |
_aviii, 304 p. : _bill. ; _c24 cm. |
||
| 500 | _aIndex : p. 303-304. | ||
| 504 | _aBibliography : p. 301-302. | ||
| 650 | 0 |
_aMolecular spectroscopy. _2BUEsh |
|
| 651 | _2BUEsh | ||
| 653 |
_bENGGEN _bENGCHE _cJune2015 _cJanuary2016 |
||
| 942 |
_2ddc _hRDA-MOD |
||
| 999 |
_c20060 _d20032 |
||
| 336 |
_2rdacontent _atext _btxt |
||
| 337 |
_aunmediated _2rdamedia _bn |
||
| 338 |
_avolume _bnc _2rdacarrier |
||